| Tag |
First Indicator |
Second Indicator |
Subfields |
| LEADER |
00000cgm a2200000Mi 4500 |
| 001 |
in00005569621 |
| 006 |
m o c |
| 007 |
cr |n||||||||a |
| 007 |
vz |za|z| |
| 008 |
180830s2012 nyu002 e o vueng d |
| 005 |
20241201231852.1 |
| 035 |
|
|
|a (OCoLC)on1100999055
|
| 040 |
|
|
|a ALSTP
|b eng
|e rda
|c ALSTP
|d OCLCF
|d OCL
|d OCLCO
|d UHL
|d OCLCL
|
| 019 |
|
|
|a 1110170811
|a 1113436224
|a 1373462704
|
| 035 |
|
|
|a (OCoLC)1100999055
|z (OCoLC)1110170811
|z (OCoLC)1113436224
|z (OCoLC)1373462704
|
| 049 |
|
|
|a TXAM
|
| 245 |
0 |
0 |
|a Sunday morning.
|p Sunday journal :
|b Russian elections /
|c produced by Columbia Broadcasting system.
|
| 246 |
3 |
0 |
|a Sunday journal :
|b Russian elections
|
| 264 |
|
1 |
|a New York, NY :
|b Columbia Broadcasting System,
|c 2012.
|
| 300 |
|
|
|a 1 online resource (2 minutes)
|
| 306 |
|
|
|a 000159
|
| 336 |
|
|
|a two-dimensional moving image
|b tdi
|2 rdacontent
|
| 337 |
|
|
|a computer
|b c
|2 rdamedia
|
| 337 |
|
|
|a video
|b v
|2 rdamedia
|
| 338 |
|
|
|a online resource
|b cr
|2 rdacarrier
|
| 347 |
|
|
|a video file
|2 rda
|
| 490 |
0 |
|
|a Sunday Morning
|
| 500 |
|
|
|a Title from resource description page (viewed April 26, 2019).
|
| 520 |
|
|
|a This segment of Sunday Morning is about voting and politics in Russia just prior to Vladimir Putin's re-election to a third term in office.
|
| 546 |
|
|
|a In English.
|
| 600 |
1 |
0 |
|a Putin, Vladimir Vladimirovich,
|d 1952-
|
| 600 |
1 |
7 |
|a Putin, Vladimir Vladimirovich,
|d 1952-
|2 fast
|0 (OCoLC)fst00444788
|1 https://id.oclc.org/worldcat/entity/E39PBJr3qYc6WKtCPQC3F9yWXd
|
| 650 |
|
0 |
|a Presidents
|z Russia
|x Election.
|
| 650 |
|
0 |
|a Elections
|x Corrupt practices
|z Russia.
|
| 650 |
|
6 |
|a Présidents
|z Russie
|x Élection.
|
| 650 |
|
6 |
|a Corruption électorale
|z Russie.
|
| 650 |
|
7 |
|a Elections
|x Corrupt practices.
|2 fast
|0 (OCoLC)fst00904333
|
| 650 |
|
7 |
|a Presidents
|x Election.
|2 fast
|0 (OCoLC)fst01075747
|
| 651 |
|
7 |
|a Russia.
|2 fast
|0 (OCoLC)fst01207312
|
| 655 |
|
7 |
|a Television news programs.
|2 fast
|0 (OCoLC)fst01710455
|
| 655 |
|
7 |
|a Television news programs.
|2 lcgft
|
| 655 |
|
7 |
|a Téléjournaux.
|2 rvmgf
|
| 710 |
2 |
|
|a CBS Inc.,
|e production company.
|
| 856 |
4 |
0 |
|u http://proxy.library.tamu.edu/login?url=https://www.aspresolver.com/aspresolver.asp?MARC;3166116
|z Connect to this streaming video (Alexander Street Press)
|t 0
|
| 955 |
|
|
|a Alexander Street Press subscription streaming video
|
| 994 |
|
|
|a 92
|b TXA
|
| 999 |
f |
f |
|s f0138454-bf13-4c3e-973e-079cccda9992
|i e17c725a-b3ef-41f0-b6e0-50e3e0e0e8ea
|t 0
|
| 952 |
f |
f |
|a Texas A&M University
|b College Station
|c Electronic Resources
|d Available Online
|t 0
|h Library of Congress classification
|
| 998 |
f |
f |
|t 0
|l Available Online
|